书目信息 |
| 题名: |
钢结构设计图表示方法与施工图实例导读
|
|
| 作者: | 尹显奇 主编 | |
| 分册: | ||
| 出版信息: | 北京 机械工业出版社 2011.03 |
|
| 页数: | 150页 | |
| 开本: | 26×37cm | |
| 丛书名: | ||
| 单 册: | ||
| 中图分类: | TU758.11 | |
| 科图分类: | ||
| 主题词: | 钢结构--建筑工程--识图 , 钢结构 , 识图 | |
| 电子资源: | ||
| ISBN: | 978-7-111-31430-1 | |
| 000 | 00924nam0 2200277 450 | |
| 001 | 010010075802 | |
| 005 | 20110722182339.40 | |
| 010 | @a978-7-111-31430-1@dCNY49.80 | |
| 100 | @a20110322d2011 em y0chiy50 ea | |
| 101 | 0 | @achi |
| 102 | @aCN@b110000 | |
| 105 | @aak z 000yy | |
| 106 | @ar | |
| 200 | 1 | @a钢结构设计图表示方法与施工图实例导读@Agang jie gou she ji tu biao shi fang fa yu shi gong tu shi li dao du@f尹显奇主编 |
| 210 | @a北京@c机械工业出版社@d2011.03 | |
| 215 | @a150页@d26×37cm | |
| 304 | @a大连东冶建设工程有限公司组编 | |
| 330 | @a本图集详述了钢结构设计图的内容与表示方法,并精选了有代表性的工业厂房钢结构、螺栓球节点网架、体育馆钢结构的施工图实例、对施工图给予详细导读等。 | |
| 586 | @a | |
| 606 | 0 | @a钢结构@x建筑工程@x识图 |
| 606 | 0 | @a钢结构 |
| 606 | 0 | @a识图 |
| 690 | @aTU758.11@v5 | |
| 701 | 0 | @a尹显奇@Ayin xian qi@4主编 |
| 801 | 0 | @aCN@c20110610 |
| 905 | @dTU758.11@eY602@f5 | |
| 钢结构设计图表示方法与施工图实例导读/尹显奇主编.-北京:机械工业出版社,2011.03 |
| 150页;26×37cm |
| ISBN 978-7-111-31430-1:CNY49.80 |
| 本图集详述了钢结构设计图的内容与表示方法,并精选了有代表性的工业厂房钢结构、螺栓球节点网架、体育馆钢结构的施工图实例、对施工图给予详细导读等。 |
| ● |
| 相关链接 |
|
|
|
正题名:钢结构设计图表示方法与施工图实例导读
索取号:TU758.11/Y602
 
预约/预借
| 序号 | 登录号 | 条形码 | 馆藏地/架位号 | 状态 | 备注 |
| 1 | 886454 | 208864549 | 建筑库201/201建筑库 103排1列1层/ [索取号:TU758.11/Y602] | 在馆 | |
| 2 | 886455 | 208864558 | 管理学院资料室/101建筑库 68排2列3层/ [索取号:TU758.11/Y602] | 在馆 | |
| 3 | 886456 | 208864567 | 建筑库201/201建筑库 103排1列1层/ [索取号:TU758.11/Y602] | 在馆 | |
| 4 | 886457 | 208864576 | 建筑库201/201建筑库 103排1列1层/ [索取号:TU758.11/Y602] | 在馆 | |
| 5 | 886458 | 208864585 | 管理学院资料室/101建筑库 68排2列3层/ [索取号:TU758.11/Y602] | 在馆 |